Statistiques concernant Les 100 plus grandes villes de France en 1793 sur une carte

Cliquez ici pour prendre le quiz!

Statistiques générales

  • Ce quiz a été pris 1 146 fois
  • Le résultat moyen est 55 sur 100

Réponses sur la Carte

Les réponses sont colorées sur une échelle allant du rouge au vert en fonction du pourcentage des utilisateurs qui les ont devinées à leur premier essai. Vous pouvez retrouver ces pourcentages ci-dessous.
 

Statistiques - réponses

PopulationVilles% Correct
640 504Paris
99%
66 761Lille
96%
108 374Marseille
96%
102 167Lyon
95%
104 676Bordeaux
94%
24 180Brest
93%
24 117Nice
93%
47 254Strasbourg
93%
80 000Nantes
92%
52 612Toulouse
92%
30 160Rennes
91%
20 760Dijon
85%
32 897Montpellier
85%
20 620Le Havre
84%
34 805Caen
83%
30 000Clermont-Ferrand
83%
20 019Grenoble
83%
36 878Metz
83%
51 500Orléans
83%
32 334Reims
83%
84 323Rouen
83%
33 900Angers
82%
29 141Nancy
82%
19 000Toulon
82%
21 000Tours
81%
11 336Bastia
80%
26 255Dunkerque
79%
25 000Saint-Etienne
79%
22 000La Rochelle
78%
40 000Amiens
77%
18 855Le Mans
76%
20 864Limoges
75%
35 093Versailles
74%
40 000Nîmes
73%
22 318Lorient
72%
10 081Cherbourg-en-Cotentin
71%
18 284Poitiers
71%
12 578Bayonne
69%
25 328Besançon
69%
24 000Avignon
67%
26 751Troyes
67%
15 964Bourges
66%
13 000Colmar
66%
10 730Saint-Malo
65%
10 486Saint-Servan
65%
27 000Aix-en-Provence
62%
12 000Auxerre
62%
10 400Carcassonne
62%
11 425Chambéry
61%
15 000Chartres
58%
13 280Blois
57%
14 822Laval
57%
11 515Niort
57%
11 500Angoulême
56%
21 019Arras
56%
12 501Béziers
56%
12 449Beauvais
54%
10 137Boulogne
53%
11 846Nevers
53%
11 176Albi
52%
12 139Châlons-en-Champagne
50%
16 919Valenciennes
50%
20 000Arles
48%
12 000Mâcon
48%
26 160Montauban
47%
12 954Alençon
46%
10 470Aurillac
42%
10 800Saint-Quentin
41%
12 110Tourcoing
41%
25 000Dieppe
38%
11 060Le Puy-en-Velay
36%
13 249Moulins
36%
12 000Cahors
35%
17 855Douai
34%
12 327Castres
32%
12 033Sedan
32%
10 957Sens
31%
20 874Rochefort
27%
11 720Bergerac
25%
15 427Cambrai
25%
12 035Vienne
25%
10 578Bayeux
23%
10 114Beaune
22%
18 125Abbeville
21%
11 604Grasse
21%
12 300Saumur
21%
10 125Villeneuve-sur-Lot
21%
10 118Lisieux
19%
10 393Morlaix
17%
20 135Saint-Omer
16%
12 669Saint-Germain-en-Laye
15%
10 790Vitré
10%
12 152Riom
9%
11 691Lunéville
8%
11 970Thiers
7%
13 491Issoudun
6%
14 069Falaise
4%
11 064Condom
3%
10 618Moissac
2%
11 576Bailleul
1%

Distribution des résultats

Percentile par nombre de réponses

% des personnes avec chaque résultat

Votre développement - résultats

Vous n’avez pas pris ce quiz